Normal view
MARC view
- Constitution
Entry Topical Term
001 - CONTROL NUMBER
- control field: 75287
003 - CONTROL NUMBER IDENTIFIER
- control field: OSt
005 - DATE AND TIME OF LATEST TRANSACTION
- control field: 20220806112954.0
008 - FIXED-LENGTH DATA ELEMENTS
- fixed length control field: 220806|| aca||aabn | a|a d
040 ## - CATALOGING SOURCE
- Original cataloging agency: OSt
- Transcribing agency: OSt
150 ## - HEADING--TOPICAL TERM
- Topical term or geographic name entry element: Constitution
670 ## - SOURCE DATA FOUND
- Source citation: Work cat.: (OSt)41872: Joshi, B. R. 75286, Indian Constitution a Philosophical Critique: A Critical study from human Value perspective, 1995